00482nam a2200157Ia 4500003000900000008004100009040001600050080001500066100001700081245012900098250001300227260003400240300001600274650001500290700001900305IN-BaIIA211028s9999 xx 000 0 eng d cIIA Library a519.2bYUL aYule, G Udny 3aAn introduction to the theory of statisticscG. Udny Yule and M. G. Kendall  a13th ed. aLondonbCharles Griffinc1945 axiii, 570p. aStatistics aKendall, M. G.